Central Library OPAC University of Rajshahi

The emergence of Malaysia / (Record no. 23552)

MARC details
000 -LEADER
fixed length control field 00745cam a2200265 4500
001 - CONTROL NUMBER
control field 23552
003 - CONTROL NUMBER IDENTIFIER
rucl marc code BD-RjUL
005 - DATE AND TIME OF LATEST TRANSACTION
control field 20211209000937.0
008 - FIXED-LENGTH DATA ELEMENTS--GENERAL INFORMATION
fixed length control field 140311r19731963ctub 001 0 eng
020 ## - INTERNATIONAL STANDARD BOOK NUMBER
International Standard Book Number 0837167639
035 ## - SYSTEM CONTROL NUMBER
System control number (BD-RjUL)23617
040 ## - CATALOGING SOURCE
Original cataloging agency DLC
Transcribing agency DLC
Modifying agency DLC
-- BD-RjUL
Language of cataloging eng
041 ## - LANGUAGE CODE
Language code of text/sound track or separate title eng
082 00 - DEWEY DECIMAL CLASSIFICATION NUMBER
Classification number 915.95
Author mark and year MCE
100 1# - MAIN ENTRY--PERSONAL NAME
Personal name McKie, Ronald Cecil Hamlyn,
Dates associated with a name 1909-
9 (RLIN) 72496
245 14 - TITLE STATEMENT
Title The emergence of Malaysia /
Statement of responsibility, etc. by Ronald McKie.
260 ## - PUBLICATION, DISTRIBUTION, ETC. (IMPRINT)
Place of publication, distribution, etc. Westport, Conn. :
Name of publisher, distributor, etc. Greenwood Press,
Date of publication, distribution, etc. c1963 [reprinted 1973]
300 ## - PHYSICAL DESCRIPTION
Pagination 310 p. :
Illustrations map. ;
Size 22 cm.
504 ## - BIBLIOGRAPHY, ETC. NOTE
Bibliography, etc Includes index.
651 #0 - SUBJECT ADDED ENTRY--GEOGRAPHIC NAME
Geographic name Malaysia.
9 (RLIN) 72497
Geographic name Singapore.
9 (RLIN) 72498
942 ## - ADDED ENTRY ELEMENTS (KOHA)
Source of classification or shelving scheme Dewey Decimal Classification
Koha item type Books
Holdings
Lost status Source of classification or shelving scheme Damaged status Not for loan Collection code Permanent Location Current Location Shelving location Date acquired Source of acquisition Cost, normal purchase price Total Checkouts Full call number Date last seen Copy number Koha item type
  Dewey Decimal Classification   Added to bundle Non-fiction Central Library, University of Rajshahi Central Library, University of Rajshahi Reading Room 27/06/1988 mirza book ajency 20.66   915.95 MCE 1973 11/03/2014 C-1 Books